| 000 | 00492nam a2200169Ia 4500 | ||
|---|---|---|---|
| 008 | 230917s9999||||xx |||||||||||||| ||und|| | ||
| 020 | _cRS690 | ||
| 040 |
_e237349 _aMAIN |
||
| 041 | _aEnglish | ||
| 082 | _a352.054 T543P | ||
| 100 | _aTiwari, Nupur | ||
| 245 | 0 | _aPanchayati raj and women empowerment: Dependency versus autonomy | |
| 260 |
_aNew Delhi _bNew Century Publications _c2016 |
||
| 300 | _av, 164 p. | ||
| 500 | _a2570 18/01/2017 RK17/3465 19/01/2017 Main Budget | ||
| 942 | _cBK | ||
| 999 |
_c20967 _d20967 |
||